Štatistické skúmanie vzťahu nezamestnanosť-depresia

Pokračovanie príspevku z predchádzajúceho čísla.

Na minha lista:
Detalhes bibliográficos
Autor principal: Heretik, Anton
Outros Autores: Betáková, Janka, Mura, Ladislav
Formato: Capítulo de Livro
Idioma:eslovaco
Assuntos:
Tags: Adicionar Tag
Sem tags, seja o primeiro a adicionar uma tag!

MARC

LEADER 00000naa a2200000 4500
001 0143440
005 20220316113744.3
041 0 |a slo 
044 |a SK 
245 1 0 |a Štatistické skúmanie vzťahu nezamestnanosť-depresia  |c Anton Heretik, Janka Betáková, Ladislav Mura 
520 |a Pokračovanie príspevku z predchádzajúceho čísla. 
610 2 0 |a depresia 
610 2 0 |a nezamestnanosť 
610 2 0 |a zisťovanie štatistické 
610 2 0 |a údaje štatistické 
100 1 |a Heretik, Anton 
700 1 |a Betáková, Janka 
700 1 |a Mura, Ladislav